| 000 -LEADER |
| fixed length control field |
00839nam a2200229Ia 4500 |
| 001 - CONTROL NUMBER |
| control field |
8095 |
| 003 - CONTROL NUMBER IDENTIFIER |
| control field |
GE_BSU |
| 008 - FIXED-LENGTH DATA ELEMENTS--GENERAL INFORMATION |
| fixed length control field |
181216s||||||||xx |||||||||||||| ||und|| |
| 040 ## - CATALOGING SOURCE |
| Transcribing agency |
GE_BSU |
| 080 ## - UNIVERSAL DECIMAL CLASSIFICATION NUMBER |
| Universal Decimal Classification number |
621.01.001(075.8) |
| 100 ## - MAIN ENTRY--PERSONAL NAME |
| Personal name |
Кореняко,А.С. Кременштеин,Л.И. и др. |
| 245 ## - TITLE STATEMENT |
| Title |
Курсовое проектирование по теории механизмов и машин. |
| 245 ## - TITLE STATEMENT |
| Statement of responsibility, etc. |
Под ред. А.С.Кореняко. Ред.Р.С.Деловая. |
| 250 ## - EDITION STATEMENT |
| Edition statement |
Изд 5-ое,перераб. |
| 260 ## - PUBLICATION, DISTRIBUTION, ETC. |
| Place of publication, distribution, etc. |
Киев. |
| 260 ## - PUBLICATION, DISTRIBUTION, ETC. |
| Name of publisher, distributor, etc. |
Вища школа. |
| 260 ## - PUBLICATION, DISTRIBUTION, ETC. |
| Date of publication, distribution, etc. |
1970. |
| 300 ## - PHYSICAL DESCRIPTION |
| Extent |
332стр.22см.илл. 114. 30 библиогр. |
| 300 ## - PHYSICAL DESCRIPTION |
| Accompanying material |
табл. |
| 653 ## - INDEX TERM--UNCONTROLLED |
| Uncontrolled term |
Курсовое проектирование по теории механизмов и машин. |
| 942 ## - ADDED ENTRY ELEMENTS (KOHA) |
| Koha item type |
წიგნი |